H. G. Schuster: Deterministic chaos: an introduction. Ruský preklad: Determinirovannyj chaos: vvedenije

Bibliographic Details
Main Authors: Kropáč, Oldřich (Author), Schuster, H. G. (Author)
Format: Article
Language:Czech
Subjects:

MARC

LEADER 00000nab a2200000 a 4500
001 vtls000384454
003 SK-MaSNL
005 20260318125038.0
008 160202c1989 xo 0 cze
015 |a SNBRB19rr/mm-uuuuu 
035 |a CL0384576 
040 |a SNKBUCL  |b slo  |c SNKBUCL  |e AACR2 
041 0 |a cze 
044 |a xo  |c SK 
080 |a 531/534  |2 1981 
100 1 |a Kropáč, Oldřich  |4 aut  |9 523209 
245 1 0 |a H. G. Schuster: Deterministic chaos: an introduction. Ruský preklad: Determinirovannyj chaos: vvedenije  |c Oldřich Kropáč 
650 0 7 |a dynamické systémy  |2 snkbucl  |9 63331 
650 0 7 |a deterministický chaos  |2 snkbucl  |9 75749 
655 7 |a články z novín a časopisov  |2 snkbucl  |9 267496 
700 1 |a Schuster, H. G.  |4 aut  |9 1266713 
773 0 |t Strojnícky časopis  |g Roč. 40, č. 5 (1989), s. 636-637 
787 0 8 |i Rec.:  |a Schuster, H. G.  |t Determinirovannyj chaos: vvedenije  |d Moskva : Mir, 1988 
850 |a Slovenská národná knižnica v Martine  |a MTA001 
852 |a SNK  |b KIS3GCP 
958 |a RK 
958 |a CZ 
992 |a RBX 
999 |c 2267390  |d 2269320